[Event "GMB"]
[Site "Wijk aan Zee NED"]
[Date "2003.01.11"]
[Round "1"]
[White "Nijboer,F"]
[Black "Acs,P"]
[Result "1-0"]
[WhiteElo "2553"]
[BlackElo "2623"]
[EventDate "2003.01.14"]

1. e4 c5 2. Nf3 d6 3. d4 cxd4 4. Nxd4 Nf6 5. Nc3 Nc6 6. Bg5 e6 7. Qd2 a6 8.
O-O-O Bd7 9. f4 b5 10. Bxf6 gxf6 11. Kb1 Qb6 12. Nxc6 Bxc6 13. Qe1 Be7 14.
f5 Qc5 15. Bd3 b4 16. Ne2 a5 17. fxe6 fxe6 18. Nf4 Qe5 19. Rf1 a4 20. Bc4
Bxe4 21. Nxe6 Rc8 22. Qxe4 Qxe4 23. Bb5+ Qc6 24. Bxc6+ Rxc6 25. Nf4 Kf7 26.
Nd5 Rg8 27. g3 Rg4 28. b3 axb3 29. cxb3 Bd8 30. Rf4 Rxf4 31. Nxf4 Bb6 32.
Nd5 Bc5 33. Rf1 Ke6 34. Nxf6 d5 35. Nxh7 Be7 36. g4 d4 37. g5 d3 38. g6 d2
39. g7 Rc1+ 40. Rxc1 dxc1=Q+ 41. Kxc1 Kf7 42. Nf8 Kxg7 43. Nd7 Kf7 44. Kc2
Ke6 45. Nb6 Bc5 46. Na4 Bf2 47. Kd3 Kd5 48. Nb2 1-0

[Event "GMB"]
[Site "Wijk aan Zee NED"]
[Date "2003.01.11"]
[Round "1"]
[White "Van der Wiel,J"]
[Black "Koneru,H"]
[Result "1/2-1/2"]
[WhiteElo "2509"]
[BlackElo "2496"]
[EventDate "2003.01.14"]

1. e4 e5 2. Nf3 Nf6 3. Nxe5 d6 4. Nf3 Nxe4 5. d4 d5 6. Bd3 Nc6 7. O-O Be7
8. c4 Nb4 9. Be2 O-O 10. Nc3 Be6 11. Ne5 f6 12. Nf3 Kh8 13. Re1 Nxc3 14.
bxc3 Nc6 15. Nd2 Qd7 16. Bf3 Rad8 17. Qb3 b6 18. Qb5 Bg8 19. Bb2 a6 20.
Qxa6 dxc4 21. Ba3 Bxa3 22. Qxa3 Ra8 23. Qb2 Bd5 24. Bxd5 Qxd5 25. Nf1 Ra4
26. Ne3 1/2-1/2

[Event "GMB"]
[Site "Wijk aan Zee NED"]
[Date "2003.01.11"]
[Round "1"]
[White "Karjakin,Sergey"]
[Black "Zhang Zhong"]
[Result "1/2-1/2"]
[WhiteElo "2547"]
[BlackElo "2624"]
[EventDate "2003.01.14"]

1. e4 c5 2. Nf3 d6 3. d4 cxd4 4. Nxd4 Nf6 5. Nc3 Nc6 6. Bg5 Bd7 7. Qd2 Rc8
8. O-O-O Nxd4 9. Qxd4 Qa5 10. f4 Rxc3 11. bxc3 e5 12. Qb4 Qxb4 13. cxb4
Nxe4 14. Bh4 g5 15. Bd3 Nc3 16. Bxg5 Nxd1 17. Rxd1 Be7 18. Bh6 Bf8 19. Bxf8
Kxf8 20. Be4 Ke7 21. fxe5 dxe5 22. Bxb7 Rb8 23. Bd5 Rxb4 24. Bxf7 Rh4 25.
Bd5 1/2-1/2

[Event "GMB"]
[Site "Wijk aan Zee NED"]
[Date "2003.01.12"]
[Round "2"]
[White "Jonkman,H"]
[Black "Van der Wiel,J"]
[Result "1/2-1/2"]
[WhiteElo "2436"]
[BlackElo "2509"]
[EventDate "2003.01.14"]

1. e4 d6 2. d4 Nf6 3. Nc3 g6 4. Be3 Bg7 5. Nf3 O-O 6. Qd2 a6 7. Bh6 Bg4 8.
Be2 Bxf3 9. Bxf3 Nc6 10. Be3 e5 11. dxe5 dxe5 12. O-O-O Qxd2+ 13. Rxd2 Rfd8
14. Rhd1 Rxd2 15. Rxd2 Rd8 16. Rxd8+ Nxd8 17. Nd5 Ne6 18. Nxf6+ Bxf6 19.
Bg4 Kf8 20. Bxe6 fxe6 21. c4 Ke7 22. Kc2 Kd6 23. b4 b5 24. Kb3 c6 25. a4
Ke7 26. Bd2 Kf7 27. Bc3 g5 28. h3 Kg6 29. axb5 axb5 30. c5 h5 31. Kc2 h4
32. Kd3 Kh5 33. Ke2 Bg7 34. Kf3 Bf6 35. g3 Bg7 36. Kg2 hxg3 37. Kxg3 Bf6
38. f3 Bg7 39. Kg2 Bf6 40. Kg3 1/2-1/2

[Event "GMB"]
[Site "Wijk aan Zee NED"]
[Date "2003.01.12"]
[Round "2"]
[White "Koneru,H"]
[Black "Karjakin,Sergey"]
[Result "1/2-1/2"]
[WhiteElo "2496"]
[BlackElo "2547"]
[EventDate "2003.01.14"]

1. Nf3 d5 2. d4 Nf6 3. c4 dxc4 4. e3 e6 5. Bxc4 a6 6. O-O c5 7. b3 cxd4 8.
Nxd4 Be7 9. Bb2 O-O 10. a4 Bd7 11. Nd2 Nc6 12. N2f3 Rc8 13. Rc1 Qa5 14. Qe2
Qh5 15. h3 Na5 16. Bd3 e5 17. Nxe5 Qxe5 18. Nc6 Nxc6 19. Bxe5 Nxe5 20. Bb1
Be6 21. e4 Rxc1 22. Rxc1 Nc6 23. e5 Nd7 24. f4 g6 25. f5 gxf5 26. Qh5 Ndxe5
27. Bxf5 Bxf5 28. Qxf5 Re8 29. Re1 Bf8 30. Re4 Bg7 31. b4 Rd8 32. b5 axb5
33. axb5 Nd4 34. Qf1 b6 35. Qc1 Ne6 36. Qe3 Nd7 37. Rxe6 fxe6 38. Qxe6+ Kf8
39. Qd6+ Kf7 40. Qd5+ Kf8 41. Qd6+ Kf7 42. Qd5+ 1/2-1/2

[Event "GMB"]
[Site "Wijk aan Zee NED"]
[Date "2003.01.12"]
[Round "2"]
[White "De Vreugt,D"]
[Black "Nijboer,F"]
[Result "1-0"]
[WhiteElo "2504"]
[BlackElo "2553"]
[EventDate "2003.01.14"]

1. e4 c5 2. Nf3 Nc6 3. d4 cxd4 4. Nxd4 Nf6 5. Nc3 e5 6. Ndb5 d6 7. Bg5 a6
8. Na3 b5 9. Bxf6 gxf6 10. Nd5 f5 11. Bd3 Be6 12. O-O Bxd5 13. exd5 Ne7 14.
c3 Bg7 15. Qh5 Qd7 16. Rad1 Rc8 17. Bb1 Rc5 18. Nc2 f4 19. Ne1 h6 20. g3
Kf8 21. a3 a5 22. Rd2 f5 23. Ng2 Qe8 24. Qh3 Qg6 25. Nh4 Qg4 26. Bxf5 Qxh3
27. Bxh3 h5 28. Nf5 Nxf5 29. Bxf5 Ke7 30. Kg2 Kf6 31. Be4 Bh6 32. Re2 Rb8
33. Ra1 h4 34. gxh4 Bf8 35. Kf3 Be7 36. Rg1 b4 37. cxb4 axb4 38. a4 b3 39.
h5 Rh8 40. h6 1-0

[Event "GMB"]
[Site "Wijk aan Zee NED"]
[Date "2003.01.12"]
[Round "2"]
[White "Acs,P"]
[Black "Cmilyte,V"]
[Result "1/2-1/2"]
[WhiteElo "2623"]
[BlackElo "2452"]
[EventDate "2003.01.14"]

1. e4 c5 2. Nf3 e6 3. d4 cxd4 4. Nxd4 Nc6 5. Nb5 d6 6. c4 Nf6 7. N1c3 a6 8.
Na3 d5 9. exd5 exd5 10. cxd5 Nb4 11. Bc4 Bg4 12. Qb3 Bd6 13. Nc2 Nxc2+ 14.
Qxc2 O-O 15. Be3 b5 16. Bb3 Qd7 17. h3 Bf5 18. Qd1 Rfe8 19. a3 Re5 20. Qf3
Ne4 21. Ne2 Nc5 22. Bxc5 Bxc5 23. O-O Be4 24. Qc3 Bd6 25. f4 Re7 26. Ng3
Rc8 27. Qd2 f5 28. Rac1 Qa7+ 29. Kh1 Rc5 30. Rxc5 Qxc5 31. Rc1 Qa7 32. Rc6
Qb8 33. Qc3 Kf7 34. Rxa6 g6 35. Qc6 Bxf4 36. Qf6+ Ke8 37. Nxe4 Rxe4 38.
Re6+ Rxe6 39. dxe6 Qc7 40. Qd4 Qc1+ 41. Bd1 Qd2 42. Qxd2 Bxd2 43. Be2 Ke7
44. Bxb5 Kxe6 45. a4 g5 46. Kg1 h5 47. Kf2 Kd5 48. Be8 h4 49. Ke2 Ba5 50.
Bd7 Kc4 51. Bxf5 1/2-1/2

[Event "GMB"]
[Site "Wijk aan Zee NED"]
[Date "2003.01.12"]
[Round "2"]
[White "Zhang Zhong"]
[Black "Stellwagen,D"]
[Result "1-0"]
[WhiteElo "2624"]
[BlackElo "2427"]
[EventDate "2003.01.14"]

1. e4 e6 2. Qe2 c5 3. Nf3 Nc6 4. g3 g6 5. Bg2 Bg7 6. c3 Nge7 7. O-O O-O 8.
d3 b6 9. Na3 Bb7 10. Nc2 e5 11. a3 d5 12. b4 Qd7 13. Rb1 Rad8 14. exd5 Nxd5
15. Bb2 Rfe8 16. Rfd1 Qc8 17. bxc5 bxc5 18. Ba1 Ba6 19. Ng5 e4 20. Bxe4 h6
21. Nxf7 Rxe4 22. Nxh6+ Bxh6 23. Qxe4 Nde7 24. c4 Qf5 25. f4 Qxe4 26. dxe4
Rxd1+ 27. Rxd1 Bxc4 28. Ne3 Be2 29. Rc1 Bf3 30. e5 Bf8 31. Kf2 Be4 32. Rc4
Bh1 33. Rxc5 Nf5 34. Rc3 Kf7 35. Bb2 Nxe3 36. Kxe3 Ke6 37. g4 Be7 38. Rc1
Bd5 39. Rf1 Bc5+ 40. Kd3 Ne7 41. Rc1 Bb6 42. Bd4 Bd8 43. Bxa7 Bf3 44. h3
Bg2 45. Ke2 Nd5 46. Kf2 Be4 47. Kg3 Ba5 48. Rc6+ Kd7 49. Rc4 1-0

[Event "GMB"]
[Site "Wijk aan Zee NED"]
[Date "2003.01.14"]
[Round "3"]
[White "Cmilyte,V"]
[Black "De Vreugt,D"]
[Result "0-1"]
[WhiteElo "2452"]
[BlackElo "2504"]
[EventDate "2003.01.14"]

1. d4 d5 2. c4 c6 3. Nf3 Nf6 4. e3 a6 5. Bd3 g6 6. Qc2 Bg7 7. O-O O-O 8.
Nbd2 Nbd7 9. h3 c5 10. b3 b6 11. Bb2 Bb7 12. Rad1 Rc8 13. Qb1 cxd4 14. exd4
Qc7 15. Rfe1 e6 16. Ba3 Rfd8 17. Ne5 dxc4 18. bxc4 Nh5 19. Nef3 Nb8 20. d5
exd5 21. Re7 Rd7 22. Rde1 Nf6 23. cxd5 Bxd5 24. Rxd7 Nbxd7 25. Rc1 Qb7 26.
Rc2 b5 27. Rxc8+ Qxc8 28. Bb2 Nc5 29. Qc2 Be6 30. Bf1 Na4 31. Qxc8+ Bxc8
32. Bd4 Nd5 33. Ne4 Bf5 34. Nd6 Bb1 35. Bxg7 Kxg7 36. a3 Kf6 37. Nd2 Bc2
38. f3 Ke6 39. N6e4 h6 40. Kf2 Ke5 41. g4 f5 42. gxf5 gxf5 43. Ng3 Nac3 44.
h4 Nf4 0-1

[Event "GMB"]
[Site "Wijk aan Zee NED"]
[Date "2003.01.14"]
[Round "3"]
[White "Nijboer,F"]
[Black "Hector,J"]
[Result "1-0"]
[WhiteElo "2553"]
[BlackElo "2570"]
[EventDate "2003.01.14"]

1. e4 e5 2. Nf3 Nc6 3. Bb5 Bc5 4. c3 Bb6 5. d4 exd4 6. cxd4 Nce7 7. d5 Nf6
8. Nc3 a6 9. Ba4 O-O 10. d6 cxd6 11. Bg5 Ng4 12. O-O f6 13. Bf4 Ne5 14. Rc1
Bc7 15. Nd5 N7c6 16. Nxc7 Qxc7 17. Nd4 g6 18. Bh6 Re8 19. Bb3+ Nf7 20. Nf5
Re6 21. Bf4 gxf5 22. exf5 Kf8 23. fxe6 dxe6 24. Qh5 Nfe5 25. Rfd1 d5 26.
Bxe5 fxe5 27. Rc3 Ke7 28. Bxd5 1-0

[Event "GMB"]
[Site "Wijk aan Zee NED"]
[Date "2003.01.14"]
[Round "3"]
[White "Rogers,I"]
[Black "Acs,P"]
[Result "1-0"]
[WhiteElo "2569"]
[BlackElo "2623"]
[EventDate "2003.01.14"]

1. c4 Nf6 2. Nc3 e5 3. g3 Bb4 4. Bg2 O-O 5. d3 Bxc3+ 6. bxc3 c6 7. e4 d5 8.
cxd5 cxd5 9. exd5 Nxd5 10. Ne2 Nc6 11. O-O Re8 12. Bb2 Bf5 13. Qd2 e4 14.
c4 e3 15. Qe1 Nb6 16. Qc3 Ne5 17. f4 Na4 18. Qa3 Nxd3 19. Bd4 Nb6 20. c5
Nc4 21. Qc3 Nd2 22. Bxg7 Re6 23. Nd4 Nxf1 24. Nxf5 e2 25. Nh6+ Rxh6 26.
Bxh6 f6 27. Be4 e1=Q 28. Rxe1 Nxe1 29. Qb3+ Kh8 30. Qxb7 Qd4+ 31. Kxf1 Qc4+
32. Kxe1 Qc1+ 33. Ke2 Qc4+ 34. Kf2 1-0

[Event "GMB"]
[Site "Wijk aan Zee NED"]
[Date "2003.01.15"]
[Round "4"]
[White "De Vreugt,D"]
[Black "Rogers,I"]
[Result "1/2-1/2"]
[WhiteElo "2504"]
[BlackElo "2569"]
[EventDate "2003.01.14"]

1. e4 c6 2. d4 d5 3. exd5 cxd5 4. c4 Nf6 5. Nc3 g6 6. Qb3 Bg7 7. cxd5 O-O
8. Be2 Nbd7 9. Bf3 Nb6 10. Nge2 Bf5 11. O-O Qd7 12. a4 Bd3 13. d6 e6 14.
Bf4 Bc4 15. Qa3 Rfd8 16. Rfc1 Bf8 17. Be5 Bxd6 18. Bxd6 Qxd6 19. Qxd6
1/2-1/2

[Event "GMB"]
[Site "Wijk aan Zee NED"]
[Date "2003.01.15"]
[Round "4"]
[White "Jonkman,H"]
[Black "Stellwagen,D"]
[Result "0-1"]
[WhiteElo "2436"]
[BlackElo "2427"]
[EventDate "2003.01.14"]

1. e4 e6 2. d4 d5 3. e5 c5 4. c3 Nc6 5. Nf3 Bd7 6. Be2 f6 7. O-O Qb6 8. a3
fxe5 9. dxe5 c4 10. Nbd2 Na5 11. Nd4 Bc5 12. N2f3 Ne7 13. Qc2 O-O 14. Be3
Nf5 15. Nxf5 Rxf5 16. g4 Rxf3 17. Bxc5 Qxc5 18. Bxf3 Nc6 19. Rae1 d4 20.
cxd4 Nxd4 21. Qc3 Nxf3+ 22. Qxf3 Bc6 23. Qe3 Qd5 24. f3 Rd8 25. Qxa7 Qb5
26. Rf2 Rd3 27. Qb8+ Kf7 28. h4 Qb6 29. Qh8 Rxf3 30. Ref1 Qd4 31. Qxh7
Qxg4+ 32. Kh2 Qg3+ 33. Kh1 Rxf2+ 0-1

[Event "GMB"]
[Site "Wijk aan Zee NED"]
[Date "2003.01.15"]
[Round "4"]
[White "Acs,P"]
[Black "Van der Wiel,J"]
[Result "1-0"]
[WhiteElo "2623"]
[BlackElo "2509"]
[EventDate "2003.01.14"]

1. e4 c5 2. Nf3 d6 3. d4 cxd4 4. Nxd4 Nf6 5. Nc3 Nc6 6. Bg5 e6 7. Qd2 a6 8.
O-O-O Bd7 9. f4 h6 10. Bh4 g5 11. fxg5 Ng4 12. Be2 Nge5 13. Nf3 Be7 14.
Rhg1 b5 15. Rdf1 b4 16. Nd1 Rb8 17. Kb1 a5 18. b3 hxg5 19. Bxg5 Nxf3 20.
gxf3 Bxg5 21. Rxg5 Qf6 22. Bb5 Qd4 23. Qg2 Na7 24. Rg8+ Rxg8 25. Qxg8+ Ke7
26. Qg5+ Ke8 27. Bc4 Rb5 28. Bxb5 Nxb5 29. Qe3 Na3+ 30. Kc1 Qa1+ 31. Kd2
Qxa2 32. Rg1 Qxc2+ 33. Ke1 Qc5 34. Rg8+ Ke7 35. Qh6 e5 36. Qf8+ Ke6 37. Rg7
1-0

[Event "GMB"]
[Site "Wijk aan Zee NED"]
[Date "2003.01.16"]
[Round "5"]
[White "Van der Wiel,J"]
[Black "De Vreugt,D"]
[Result "1/2-1/2"]
[WhiteElo "2509"]
[BlackElo "2504"]
[EventDate "2003.01.14"]

1. e4 c5 2. Nf3 Nc6 3. d4 cxd4 4. Nxd4 Nf6 5. Nc3 e5 6. Ndb5 d6 7. Bg5 a6
8. Na3 b5 9. Nd5 Be7 10. Bxf6 Bxf6 11. c3 O-O 12. Nc2 Rb8 13. h4 Be7 14.
Nce3 Be6 15. Qf3 Qd7 16. Rd1 Bd8 17. Be2 Ne7 18. g4 a5 19. h5 Bxd5 20. Nxd5
Nxd5 21. Rxd5 b4 22. c4 Qe7 23. O-O Bb6 24. b3 Bc5 25. Kg2 g6 26. Qh3 Qf6
27. Qg3 gxh5 28. Rh1 hxg4 1/2-1/2

[Event "GMB"]
[Site "Wijk aan Zee NED"]
[Date "2003.01.16"]
[Round "5"]
[White "Karjakin,Sergey"]
[Black "Acs,P"]
[Result "1/2-1/2"]
[WhiteElo "2547"]
[BlackElo "2623"]
[EventDate "2003.01.14"]

1. e4 c5 2. Nf3 d6 3. d4 cxd4 4. Nxd4 Nf6 5. Nc3 Nc6 6. Bg5 e6 7. Qd2 a6 8.
O-O-O Bd7 9. f4 b5 10. Bxf6 gxf6 11. Kb1 Qb6 12. Nxc6 Bxc6 13. Qe1 Be7 14.
Bd3 Qc5 15. Qg3 Kf8 16. Qh4 h5 17. f5 b4 18. Ne2 e5 19. Nc1 a5 20. Nb3 Qa7
21. Bc4 Rc8 22. Rhe1 Bd7 23. Bd5 Bb5 24. Nc1 a4 25. g4 Rh6 26. gxh5 Ke8 27.
Nd3 Qd4 28. Nf2 Qc5 29. Rd2 a3 30. Bb3 Bc4 31. Nd3 Qd4 32. Bxc4 Qxc4 33. b3
Qc3 34. Rg2 Kd7 35. Qf2 d5 36. Qa7+ Qc7 37. Qa4+ Qc6 38. Qa5 Ra8 39. exd5
Qxc2+ 40. Rxc2 Rxa5 41. d6 Bd8 42. Nc5+ Rxc5 43. Rxc5 Rxh5 44. Rb5 Rxf5 45.
Rd1 1/2-1/2

[Event "GMB"]
[Site "Wijk aan Zee NED"]
[Date "2003.01.16"]
[Round "5"]
[White "Rogers,I"]
[Black "Nijboer,F"]
[Result "1/2-1/2"]
[WhiteElo "2569"]
[BlackElo "2553"]
[EventDate "2003.01.14"]

1. c4 Nf6 2. Nc3 e5 3. g3 Nc6 4. Bg2 g6 5. d3 Bg7 6. e4 d6 7. Nge2 Nd7 8.
Be3 Nc5 9. d4 exd4 10. Nxd4 Ne5 11. b3 Ng4 12. Qd2 Nxe3 13. Qxe3 O-O 14.
O-O Re8 15. Qd2 a5 16. h3 a4 17. b4 Ne6 18. Nde2 c5 19. Rab1 Nd4 20. Nxd4
cxd4 21. Nb5 Be6 22. Rfc1 Qd7 23. Qd3 Rac8 24. Nxd4 Bxd4 25. Qxd4 Bxh3 26.
Bh1 Be6 27. e5 b5 28. Qxd6 bxc4 29. b5 Qxd6 30. exd6 Red8 31. b6 Rxd6 32.
b7 Rb8 33. Rb5 Kg7 34. Bg2 a3 35. Rc3 Rd3 36. Rc2 Rd1+ 37. Kh2 h5 38. Ra5
Rb1 39. Rxa3 R8xb7 40. Bxb7 Rxb7 41. Ra5 Rb1 42. Kg2 Rd1 43. a4 Bd5+ 44.
Rxd5 Rxd5 45. Rxc4 Rd3 46. Rc5 Ra3 47. a5 Kh6 48. Rb5 f5 49. Rc5 1/2-1/2

[Event "GMB"]
[Site "Wijk aan Zee NED"]
[Date "2003.01.16"]
[Round "5"]
[White "Cmilyte,V"]
[Black "Hector,J"]
[Result "0-1"]
[WhiteElo "2452"]
[BlackElo "2570"]
[EventDate "2003.01.14"]

1. d4 d5 2. c4 c6 3. Nf3 Nf6 4. e3 Bf5 5. Nc3 e6 6. Nh4 Be4 7. f3 Bg6 8.
Qb3 Qb6 9. Nxg6 hxg6 10. Bd2 Nbd7 11. O-O-O Be7 12. g4 Qxb3 13. axb3 g5 14.
Be2 Rh3 15. e4 dxe4 16. fxe4 e5 17. dxe5 Nxe5 18. Bxg5 Nfxg4 19. Bf4 Bc5
20. Rhg1 Bxg1 21. Rxg1 Rh4 22. h3 Rxh3 23. Bxg4 Rxc3+ 24. Kb1 Ng6 25. bxc3
Nxf4 26. Kc2 Ke7 27. c5 b6 28. Rd1 Rd8 29. Ra1 bxc5 30. Rxa7+ Kf6 31. Bd7
Rh8 32. Bxc6 Rh2+ 33. Kb1 Ne2 34. Kc2 Nd4+ 35. Kd3 Rh3+ 36. Kc4 Ne2 37. e5+
Kxe5 38. Re7+ Kd6 39. Rxe2 Kxc6 40. Re7 Rf3 41. Re8 g5 42. Rc8+ Kb6 43.
Rb8+ Kc7 44. Rg8 f6 45. b4 cxb4 46. cxb4 Kd6 47. Rd8+ Ke7 48. Rd4 Rh3 49.
Rd1 f5 50. b5 Rh8 51. b6 Rc8+ 52. Kb5 f4 53. b7 Rb8 54. Kc6 Ke6 55. Rb1 f3
56. Kc5 Ke5 57. Kc4 f2 58. Rf1 Rxb7 59. Rxf2 Ke4 60. Rg2 Rc7+ 0-1

[Event "GMB"]
[Site "Wijk aan Zee NED"]
[Date "2003.01.18"]
[Round "6"]
[White "Acs,P"]
[Black "Stellwagen,D"]
[Result "1/2-1/2"]
[WhiteElo "2623"]
[BlackElo "2427"]
[EventDate "2003.01.14"]

1. e4 e6 2. d4 d5 3. Nc3 Nf6 4. Bg5 Bb4 5. e5 h6 6. Bd2 Bxc3 7. bxc3 Ne4 8.
Qg4 g6 9. Bd3 Nxd2 10. Kxd2 c5 11. h4 Bd7 12. Nf3 Bc6 13. Bxg6 fxg6 14.
Qxe6+ Qe7 15. Qxg6+ Qf7 16. h5 Rg8 17. Qxf7+ Kxf7 18. Nh4 cxd4 19. cxd4 Bd7
20. Rab1 b6 21. Rb3 Nc6 22. Rf3+ Ke8 23. Rf6 Nxd4 24. Rxh6 Nf5 25. Rg6 Ke7
26. Rxg8 Rxg8 27. Ng6+ Kf7 28. g3 Ne7 29. Nf4 Nc6 30. Re1 Be6 31. c3 Rg5
32. Rh1 Rg8 1/2-1/2

[Event "GMB"]
[Site "Wijk aan Zee NED"]
[Date "2003.01.18"]
[Round "6"]
[White "Jonkman,H"]
[Black "Zhang Zhong"]
[Result "0-1"]
[WhiteElo "2436"]
[BlackElo "2624"]
[EventDate "2003.01.14"]

1. e4 e5 2. Nf3 Nc6 3. Bb5 a6 4. Bxc6 dxc6 5. O-O Qd6 6. d3 f6 7. Be3 Ne7
8. Nbd2 Ng6 9. d4 Be7 10. c3 Qe6 11. Qc2 Qg4 12. Rfe1 Be6 13. Nf1 Nf4 14.
Ng3 Bd6 15. c4 h5 16. Bxf4 Qxf4 17. c5 Bf8 18. Ne2 Qh6 19. dxe5 O-O-O 20.
exf6 gxf6 21. Ned4 Bg4 22. Nf5 Qg6 23. N3h4 Qg5 24. f4 Qxf4 25. Ng6 Rd2 26.
Nxf4 Rxc2 27. b4 Rg8 28. a3 Bxf5 29. exf5 Bh6 30. Ng6 Rd8 31. Rad1 Bd2 32.
h4 Rd4 33. Re8+ Kd7 34. Re7+ Kd8 35. Kh1 Rxh4+ 36. Kg1 Rd4 37. Kf1 Rd5 38.
Rf7 Rxf5+ 39. Ke2 Rd5 40. Kf3 Rc3+ 41. Ke2 Bg5 42. Rxd5+ cxd5 43. Rf8+ Kd7
44. Rf7+ Ke6 45. Rxc7 d4 46. Rxb7 d3+ 47. Kf2 d2 48. Rb6+ Kf7 0-1

[Event "GMB"]
[Site "Wijk aan Zee NED"]
[Date "2003.01.18"]
[Round "6"]
[White "Cmilyte,V"]
[Black "Rogers,I"]
[Result "1/2-1/2"]
[WhiteElo "2452"]
[BlackElo "2569"]
[EventDate "2003.01.14"]

1. d4 d6 2. e4 g6 3. Nf3 Bg7 4. Nc3 Nf6 5. Be2 O-O 6. O-O c6 7. a4 a5 8.
Be3 Na6 9. Nd2 d5 10. e5 Ne8 11. f4 f6 12. Nf3 Bg4 13. h3 Bxf3 14. Bxf3 f5
15. Ne2 e6 16. Qd2 Rf7 17. c3 Bf8 18. g4 Be7 19. Ng3 h6 20. gxf5 exf5 21.
Kh2 Qd7 22. Rg1 Kh7 23. Be2 Nac7 24. Bd3 Ng7 25. Qg2 Rg8 26. Raf1 Qe6 27.
Qc2 Na8 28. c4 Nb6 29. b3 Bd8 30. Rg2 Nc8 31. Rfg1 Nd6 32. Nf1 Ne4 33. Rxg6
Qxg6 34. Rxg6 Kxg6 35. Ng3 Kh7 36. Nxe4 fxe4 37. Bxe4+ dxe4 38. Qxe4+ Kh8
39. d5 Nh5 40. e6 Rfg7 41. d6 Ng3 42. Qd3 Bf6 43. e7 Nh5 44. Qe2 Ng3 45.
Qd3 Nh5 46. Qe2 1/2-1/2

[Event "GMB"]
[Site "Wijk aan Zee NED"]
[Date "2003.01.19"]
[Round "7"]
[White "Van der Wiel,J"]
[Black "Cmilyte,V"]
[Result "1/2-1/2"]
[WhiteElo "2509"]
[BlackElo "2452"]
[EventDate "2003.01.14"]

1. e4 c5 2. Nf3 Nc6 3. d4 cxd4 4. Nxd4 Nf6 5. Nc3 e5 6. Ndb5 d6 7. Bg5 a6
8. Na3 b5 9. Bxf6 gxf6 10. Nd5 f5 11. c3 Bg7 12. exf5 Bxf5 13. Nc2 O-O 14.
Nce3 Be6 15. Bd3 f5 16. Qh5 e4 17. Bc2 Ne7 18. Rd1 b4 19. Nxb4 a5 20. Nbd5
Nxd5 21. Nxd5 Rb8 22. Bb3 a4 23. Bxa4 Rxb2 24. Bb3 Bxd5 25. Bxd5+ Kh8 26.
O-O Bxc3 27. Be6 Qe8 28. Qxe8 Rxe8 29. Bxf5 Re5 30. Rc1 Rxf5 31. Rxc3 Rxa2
32. f3 exf3 33. Rcxf3 1/2-1/2

[Event "GMB"]
[Site "Wijk aan Zee NED"]
[Date "2003.01.19"]
[Round "7"]
[White "Rogers,I"]
[Black "Hector,J"]
[Result "1/2-1/2"]
[WhiteElo "2569"]
[BlackElo "2570"]
[EventDate "2003.01.14"]

1. e4 e5 2. Bc4 Nf6 3. d3 Nc6 4. Nc3 Na5 5. Qf3 Nxc4 6. dxc4 d6 7. h3 Be6
8. b3 c6 9. Nge2 a6 10. a4 Be7 11. O-O O-O 12. Rd1 b5 13. axb5 axb5 14.
Rxa8 Qxa8 15. cxb5 cxb5 16. Bg5 Qc6 17. Bxf6 Bxf6 18. Nd5 Bxd5 19. Rxd5
Qxc2 20. Rxb5 Bg5 21. Nc3 h6 22. Kh2 Bh4 23. Nd1 f5 24. exf5 e4 25. Qg4 Qc6
26. f6 Bxf6 27. Qe6+ Kh8 28. Qc4 Be5+ 29. g3 Qa8 30. Qd5 Qxd5 31. Rxd5 Rb8
32. Ne3 Rxb3 33. Nc4 Rd3 34. Rxd3 exd3 35. Kg2 d5 1/2-1/2

[Event "GMB"]
[Site "Wijk aan Zee NED"]
[Date "2003.01.19"]
[Round "7"]
[White "Stellwagen,D"]
[Black "De Vreugt,D"]
[Result "1/2-1/2"]
[WhiteElo "2427"]
[BlackElo "2504"]
[EventDate "2003.01.14"]

1. e4 e5 2. Nf3 Nc6 3. Bb5 a6 4. Ba4 Nf6 5. O-O Be7 6. Re1 b5 7. Bb3 O-O 8.
a4 Bb7 9. d3 Re8 10. Nc3 b4 11. Nd5 Na5 12. Nxe7+ Qxe7 13. Ba2 d5 14. exd5
Qd6 15. c4 bxc3 16. bxc3 Bxd5 17. Ba3 c5 18. Bxd5 Qxd5 19. Qc2 Rad8 20.
Rad1 Nc6 21. h3 h6 22. Qe2 Re6 23. Qc2 Nh5 24. Bc1 Nf6 25. Be3 Ree8 26. Qe2
Nd4 27. Bxd4 exd4 28. Qd2 Rxe1+ 29. Rxe1 dxc3 1/2-1/2

[Event "GMB"]
[Site "Wijk aan Zee NED"]
[Date "2003.01.19"]
[Round "7"]
[White "Karjakin,Sergey"]
[Black "Nijboer,F"]
[Result "1-0"]
[WhiteElo "2547"]
[BlackElo "2553"]
[EventDate "2003.01.14"]

1. e4 c5 2. Nf3 Nc6 3. d4 cxd4 4. Nxd4 Nf6 5. Nc3 d6 6. Bg5 e6 7. Qd2 a6 8.
O-O-O Bd7 9. f4 h6 10. Bh4 g5 11. fxg5 Ng4 12. Be2 Nge5 13. Nf3 Be7 14.
Rhg1 b5 15. Rdf1 Rb8 16. Nd1 a5 17. Kb1 b4 18. b3 a4 19. Nb2 axb3 20. cxb3
Qa5 21. g6 fxg6 22. Bxe7 Kxe7 23. Rd1 Qc7 24. Nc4 Nxc4 25. Bxc4 Na5 26. e5
d5 27. Bd3 Qc3 28. Qf4 1-0

[Event "GMB"]
[Site "Wijk aan Zee NED"]
[Date "2003.01.20"]
[Round "8"]
[White "Cmilyte,V"]
[Black "Karjakin,Sergey"]
[Result "1-0"]
[WhiteElo "2452"]
[BlackElo "2547"]
[EventDate "2003.01.14"]

1. d4 Nf6 2. c4 g6 3. Nc3 d5 4. Nf3 Bg7 5. Qb3 dxc4 6. Qxc4 O-O 7. e4 a6 8.
Be2 b5 9. Qb3 c5 10. dxc5 Bb7 11. O-O Nxe4 12. Nxe4 Bxe4 13. Bf4 Bd5 14.
Qe3 Bxb2 15. Rad1 e6 16. Ng5 Bg7 17. Bg4 Qf6 18. Bd6 Nc6 19. Bxf8 Bxf8 20.
Ne4 Qe5 21. Bf3 Rd8 22. Rfe1 Kg7 23. h4 h6 24. h5 g5 25. Nd6 Bxd6 26. cxd6
Qxd6 27. Qc3+ f6 28. Qc2 Ne7 29. Bxd5 exd5 30. Re2 Rd7 31. Rde1 d4 32. Re6
Qb4 33. Qe4 Kf8 34. Qh7 Rc7 35. Rxf6+ Ke8 36. Qg8+ Kd7 37. Qe6+ Ke8 38.
Rxh6 Kf8 39. Rh8+ Kg7 40. Qh6+ 1-0

[Event "GMB"]
[Site "Wijk aan Zee NED"]
[Date "2003.01.20"]
[Round "8"]
[White "Nijboer,F"]
[Black "Stellwagen,D"]
[Result "1/2-1/2"]
[WhiteElo "2553"]
[BlackElo "2427"]
[EventDate "2003.01.14"]

1. e4 e6 2. d4 d5 3. Nc3 Nf6 4. e5 Nfd7 5. f4 c5 6. Nf3 Nc6 7. Be3 cxd4 8.
Nxd4 Bc5 9. Qd2 O-O 10. O-O-O a6 11. Nb3 b6 12. Ne2 a5 13. Ned4 Nxd4 14.
Nxd4 Ba6 15. Kb1 Qc7 16. Bd3 a4 17. Qe2 Bxd3 18. cxd3 b5 19. Nf3 b4 20. Rc1
Qb6 21. Bxc5 Nxc5 22. Qe3 Rfc8 23. g4 Rc7 24. d4 Ne4 25. Rxc7 Qxc7 26. Rc1
Qa7 1/2-1/2

[Event "GMB"]
[Site "Wijk aan Zee NED"]
[Date "2003.01.20"]
[Round "8"]
[White "Rogers,I"]
[Black "Van der Wiel,J"]
[Result "1/2-1/2"]
[WhiteElo "2569"]
[BlackElo "2509"]
[EventDate "2003.01.14"]

1. e4 c5 2. Nf3 e6 3. d4 cxd4 4. Nxd4 Nf6 5. Nc3 Nc6 6. Be2 Bb4 7. O-O Bxc3
8. bxc3 Nxe4 9. Bf3 d5 10. Bxe4 dxe4 11. Ba3 Nxd4 12. cxd4 Qa5 13. Qc1 f6
14. Re1 Kf7 15. Rxe4 Re8 16. Qe3 Bd7 17. c4 Bc6 18. Rg4 Qf5 19. Rg3 Rad8
20. Bb2 Rc8 21. Rc1 Qe4 22. Qd2 b6 23. h3 Ba8 24. Qd1 Qf5 25. Qa4 1/2-1/2

[Event "GMB"]
[Site "Wijk aan Zee NED"]
[Date "2003.01.20"]
[Round "8"]
[White "Acs,P"]
[Black "Zhang Zhong"]
[Result "1/2-1/2"]
[WhiteElo "2623"]
[BlackElo "2624"]
[EventDate "2003.01.14"]

1. e4 c5 2. Nf3 d6 3. d4 cxd4 4. Nxd4 Nf6 5. Nc3 a6 6. Be3 e5 7. Nb3 Be6 8.
Qd2 Nbd7 9. f3 h5 10. a4 Rc8 11. a5 Be7 12. Be2 O-O 13. O-O Nc5 14. Nxc5
dxc5 15. Qxd8 Rfxd8 16. Na4 c4 17. Nb6 Bc5 18. Bxc5 Rxc5 19. Rfd1 Rxd1+ 20.
Rxd1 Rxa5 21. Bxc4 Rc5 22. Rd8+ Kh7 23. Bxe6 fxe6 24. c3 Rc6 25. Nc8 b5 26.
Nd6 Kg6 27. h4 Rc7 28. Kf2 Rd7 29. Rxd7 Nxd7 30. Ke3 Kf6 31. b4 Ke7 32. Nb7
Nb6 33. Na5 Kf6 34. g4 g6 35. Kd3 Ke7 36. gxh5 gxh5 37. c4 1/2-1/2

[Event "GMB"]
[Site "Wijk aan Zee NED"]
[Date "2003.01.21"]
[Round "9"]
[White "Van der Wiel,J"]
[Black "Hector,J"]
[Result "1/2-1/2"]
[WhiteElo "2509"]
[BlackElo "2570"]
[EventDate "2003.01.14"]

1. e4 e5 2. Nf3 Nc6 3. d4 exd4 4. Nxd4 Qf6 5. Nxc6 Bc5 6. Qd2 dxc6 7. Nc3
Qe7 8. Qg5 Nf6 9. Be3 Bd6 10. Bd4 Rg8 11. f3 h6 12. Qd2 Nd5 13. Ne2 Nb6 14.
O-O-O Nc4 15. Qd3 Be6 16. b3 Ne5 17. Qe3 O-O-O 18. Kb1 Ba3 19. Nc3 f6 20.
Be2 b6 21. Na4 c5 22. Bxe5 fxe5 23. Bc4 Rd4 24. Bxe6+ Qxe6 25. c3 Rd6 26.
Qe2 Rgd8 27. Nb2 Bxb2 28. Kxb2 c4 29. bxc4 Rxd1 30. Rxd1 Rxd1 31. Qxd1 Qxc4
32. Qd5 Qxd5 33. exd5 Kd7 34. Kb3 Kd6 35. Kc4 h5 36. h4 g6 37. a3 a6 38. a4
Ke7 39. Kb4 Kd7 40. c4 Kd6 41. a5 bxa5+ 42. Kxa5 Kc5 43. Kxa6 Kxc4 44. Kb7
Kxd5 45. Kxc7 e4 46. fxe4+ Kxe4 47. Kd6 Kf4 1/2-1/2